| 000 | 00807nam a22001337a 4500 | ||
|---|---|---|---|
| 040 | _cRUA | ||
| 082 | _aAVM NOU 2010 B093 Or.1 | ||
| 100 | _aNOUN, TINIT. | ||
| 245 | _aMixing chopped water Hyacinth at different ratio with cattle manures substrate for Californian red worms (Eisenia foetida), ឥទ្ធិពលនៃការប្រើប្រាស់កំប្លោកចិញ្រ្ជាំលាយជាមួយលាមកគោក្នុងកំរិតខុសៗគ្នាជាចំណីរបស់ជន្លេនក្រហម កាលីហ្វនីញ៉ា(Eisenia foetida) | ||
| 260 |
_aPhnom Penh _bRUA _c2010 |
||
| 300 |
_aviii; 28cm. _bill. _c29cm. |
||
| 856 | _uhttps://drive.google.com/file/d/1jVd2JupQyhg5N6nrY3nIlVLVjQ4YWTZ5/view?usp=sharing | ||
| 942 | _cAVM | ||
| 999 |
_c2392 _d2392 |
||